Sistema basado en tecnología Web auto-adaptable a dispositivos móviles para usuarios del centro de documentación de la facultad de Electrónica y computación
El presente trabajo monográfico consiste en el diseño e implementación de un sistema web que permita a los usuarios de la facultad de electrotecnia y computación (FEC) el acceso a visualizar a través de búsquedas con filtros específicos la bibliografía que se encuentran resguardadas en el c...
| Main Authors: | , |
|---|---|
| Other Authors: | |
| Format: | Tesis Section = Libro |
| Language: | Undetermined Spanish |
| Published: |
Managua
UNI
2018
|
| Subjects: |
| LEADER | 01279nam a2200277Ia 4500 | ||
|---|---|---|---|
| 008 | 240830s9999 xx 000 0 und d | ||
| 040 | |a BIBLIOTECA-RUSB/ Mon 005.74 R457 | ||
| 041 | |a spa | ||
| 082 | |a Mon 005.74 R457 | ||
| 100 | 1 | |a Reyes Jarquín, Jordy Marlon | |
| 100 | 1 | |b Murillo Maltez, Mariela de los Ángeles | |
| 245 | 1 | 0 | |a Sistema basado en tecnología Web auto-adaptable a dispositivos móviles para usuarios del centro de documentación de la facultad de Electrónica y computación |
| 260 | |a Managua |b UNI |c 2018 | ||
| 300 | |a 50 p. :il. | ||
| 500 | |a Contiene: anexos y CD | ||
| 502 | |a Tesis (Técnico Superior en Computación) - UNI, 2018. | ||
| 520 | 3 | |a El presente trabajo monográfico consiste en el diseño e implementación de un sistema web que permita a los usuarios de la facultad de electrotecnia y computación (FEC) el acceso a visualizar a través de búsquedas con filtros específicos la bibliografía que se encuentran resguardadas en el centro de documentación. | |
| 650 | 7 | |a TECNOLOGIA WEB | |
| 650 | 7 | |b DISPOSITIVOS MÓVILES | |
| 650 | 7 | |c CENTRO DE DOCUMENTACIÓN | |
| 650 | 7 | |d SISTEMA WEB | |
| 650 | 7 | |e MYSQL | |
| 700 | 1 | |a Tutor: |b Flores Quintana, Gloria Talía | |
| 942 | |c BK |2 ddc | ||
| 991 | |a TESIS | ||
| 999 | |c 19818 | ||